El Conde de Gondomar, un azor entre ocasos / (Record no. 43560)

MARC details
000 -LEADER
campo de control de longitud fija 00807nam a2200217 i 4500
001 - NÚMERO DE CONTROL
campo de control 43560
003 - IDENTIFICADOR DE NÚMERO DE CONTROL
campo de control ES-MaACL
005 - FECHA Y HORA DE LA ÚLTIMA TRANSACCIÓN
campo de control 20251114105614.0
007 - CAMPO FIJO DE DESCRIPCIÓN FÍSICA--INFORMACIÓN GENERAL
campo de control de longitud fija t|
008 - DATOS DE LONGITUD FIJA--INFORMACIÓN GENERAL
campo de control de longitud fija 030318s1967 sp ||||1| spa d
100 1# - ENTRADA PRINCIPAL--NOMBRE DE PERSONA
Nombre de persona Castroviejo, José María,
Fechas asociadas al nombre 1909-1983
9 (RLIN) 36993
245 14 - MENCIÓN DEL TÍTULO
Título El Conde de Gondomar, un azor entre ocasos /
Mención de responsabilidad, etc. José María Castroviejo, Francisco de P. Fernández de Córdoba.
260 ## - PUBLICACIÓN, DISTRIBUCIÓN, ETC.
Lugar de publicación, distribución, etc. Madrid :
Nombre del editor, distribuidor, etc. Prensa Española,
Fecha de publicación, distribución, etc. 1967.
300 ## - DESCRIPCIÓN FÍSICA
Extensión 248 p., 6 lám. ;
Dimensiones 21 cm.
490 1# - MENCIÓN DE SERIE
Mención de serie Colección "Los Tres Dados"
600 17 - PUNTO DE ACCESO ADICIONAL DE MATERIA--NOMBRE DE PERSONA
Nombre de persona Gondomar, Diego Sarmiento de Acuña,
Títulos y otros términos asociados al nombre Conde de,
Fechas asociadas al nombre 1567-1626
Fuente del encabezamiento o término
9 (RLIN) 127381
700 1# - ENTRADA AGREGADA--NOMBRE PERSONAL
Nombre de persona Fernández de Córdoba, Francisco de P.
9 (RLIN) 49651
830 0# - PUNTO DE ACCESO ADICIONAL DE SERIE-TÍTULO UNIFORME
Título uniforme Colección "Los Tres Dados"
9 (RLIN) 181995
852 ## - LOCALIZACIÓN
Ubicación ES-MaACL
Número de control de estantería C-32729
Sublocalización o colección R.63590
Holdings
Estatus retirado Estado de pérdida Estado de daño No para préstamo Biblioteca de origen Biblioteca actual Ubicación en estantería Fecha de adquisición Fuente de adquisición Total de préstamos Signatura topográfica completa Código de barras Visto por última vez Precio de reemplazo Tipo de ítem Koha
        Biblioteca del Ateneo de Madrid Biblioteca del Ateneo de Madrid Depósito 2 17/01/2008     C-32729 1045855 23/02/2023 23/02/2023 Libro impreso